Análisis económico de la explotación industrial : (Registro nro. 12262)

Detalles MARC
000 -LEADER
fixed length control field 01189nam a2200241Ia 4500
003 - CONTROL NUMBER IDENTIFIER
control field OSt
005 - DATE AND TIME OF LATEST TRANSACTION
control field 20210826155653.0
008 - FIXED-LENGTH DATA ELEMENTS--GENERAL INFORMATION
fixed length control field 210310s1957 sp gr 000 0 spa d
040 ## - CATALOGING SOURCE
Original cataloging agency CO-JMCR
Transcribing agency CO-JMCR
041 1# - LANGUAGE CODE
Language code of text/sound track or separate title spa
Language code of original eng
082 04 - DEWEY DECIMAL CLASSIFICATION NUMBER
Classification number 338.5144 /
Item number P189a
Edition number 23
100 1# - MAIN ENTRY--PERSONAL NAME
Personal name Pauwels, Marcel,
Relator term autor
9 (RLIN) 27736
245 10 - TITLE STATEMENT
Title Análisis económico de la explotación industrial :
Remainder of title productividad, rentabilidad, eficiencia, seguridad financiera /
Statement of responsibility, etc. Marcel Pauwels ; traducción del francés por Higinio Guillamón Reyes
260 ## - PUBLICATION, DISTRIBUTION, ETC.
Place of publication, distribution, etc. Madrid, España :
Name of publisher, distributor, etc. Aguilar,
Date of publication, distribution, etc. 1957.
300 ## - PHYSICAL DESCRIPTION
Extent xxiii, 268 páginas :
Other physical details ilustraciones y gráficas en blanco y negro ;
Dimensions 21 cm.
504 ## - BIBLIOGRAPHY, ETC. NOTE
Bibliography, etc. note Bibliografía : páginas 269.
505 0# - FORMATTED CONTENTS NOTE
Formatted contents note El capital y la guanacia de la empresa. -- Elementos de la productividad económica. -- Métodos de control de los factores internos de la productividad económica. -- La exportación y las exigencias financieras de la empresa. --
650 14 - SUBJECT ADDED ENTRY--TOPICAL TERM
Topical term or geographic name entry element El capital económico
9 (RLIN) 39736
650 24 - SUBJECT ADDED ENTRY--TOPICAL TERM
Topical term or geographic name entry element Productividad económica
9 (RLIN) 39737
650 24 - SUBJECT ADDED ENTRY--TOPICAL TERM
Topical term or geographic name entry element Factores internos de la productividad
9 (RLIN) 39738
700 1# - ADDED ENTRY--PERSONAL NAME
Personal name Guillamón Reyes, Higinio,
Relator term traductor
9 (RLIN) 39739
942 ## - ADDED ENTRY ELEMENTS (KOHA)
Source of classification or shelving scheme Dewey Decimal Classification
Koha item type Books
Existencias
Withdrawn status Lost status Source of classification or shelving scheme Damaged status Not for loan Home library Current library Shelving location Date acquired Source of acquisition Full call number Barcode Date last seen Copy number Price effective from Koha item type
    Dewey Decimal Classification     Biblioteca Pública José María del Castillo y Rada Biblioteca Pública José María del Castillo y Rada General Stacks 04/15/2018 Donación 338.5144 / P189a 430005539 05/16/2024 $0. 03/10/2021 Books